000 00505cam a2200181ua 4500
001 6684
008 140308n ii |||gr||||Z||||||eng
040 _cMAIN
082 _a658.3
245 _aPersonnel management and industrial relations
_cBy S.K. Chatterjee
250 _a2nd ed.
260 _aDelhi:
_bSurjeet publications,
_c1992.
300 _ax,366p.
653 _aGeneral management
653 _aPersonnel management and industrial relations
700 _aChatterjee,S.K.,
_eAuthor.
942 _cBK
999 _c5833
_d5833